Československý jezdecký svaz ustaven

Bibliographic Details
Main Author: Hoza, František (Author)
Format: Article
Language:Czech

MARC

LEADER 00000nab a2200000ua 4500
001 vtls010788886
003 SK-MaSNL
005 20260303102307.0
008 230121s1969 xo |||||||||||||||||cze|
035 |a (urnnbn)urn:nbn:sk:snk:ar-a01m5j 
035 |a (uuid)607cec86-f977-48f3-83bf-f7ecd1c3ed72 
035 |a urn:nbn:sk:snk-ab4f5w 
040 |a SNKBUCL  |b slo  |c SNKBUCL  |e AACR2 
041 0 |a cze 
044 |a xo  |c SK 
100 1 |a Hoza, František  |4 aut  |9 1002272 
245 1 0 |a Československý jezdecký svaz ustaven  |c František Hoza 
773 0 |t Jazdectvo : časopis pre chov koní a jazdecký šport  |g Č. 11 (1969), s. 199-205 
954 |a odborná, vedecká literatúra cudzojazyčná (svetová)  |2 lita 
954 |a odborná, vedecká literatúra pôvodná (slovenská)  |2 lita 
958 |a OND 
958 |a EUIPO 
958 |a article3 
999 |c 1841521  |d 1843451